| 000 | 01066nam a22001817a 4500 | ||
|---|---|---|---|
| 005 | 20260127145259.0 | ||
| 008 | 230714b ||||| |||| 00| 0 eng d | ||
| 040 |
_cSSBUL _dSSBUL |
||
| 082 |
_223 _a၃၉၁.၆၅ အောင် ၁၆၀၅၁ (S-SAT) |
||
| 100 |
_aအောင်သိန်း၊ _cဆင်ဖြူကျွန်း။ _914537 |
||
| 245 |
_aမြန်မာ့ထိုးကွင်း မင်ကြောင်ဓလေ့ / _cဆင်ဖြူကျွန်းအောင်သိန်း။ |
||
| 260 |
_aရန်ကုန်၊ _bစာပေဗိမာန်ပုံနှိပ်တိုက်၊ _c၁၉၈၆။ |
||
| 300 |
_a၁၄၃ စာမျက်နှာ၊ _bရုပ်ပုံ၊ _c၁၈ စင်တီ။ |
||
| 500 | _aS-SAT: Dr. Prof Sai Aung Tun | ||
| 650 |
_aဆေးမင်ကြောင်ထိုးခြင်း။ _928040 |
||
| 650 |
_aမြန်မာနိုင်ငံ _vယဉ်ကျေးမှုနှင့် ဓလေ့ထုံးစံ။ _928041 |
||
| 942 |
_2ddc _cBK1 |
||
| 999 |
_c27239 _d27239 |
||